| 000 | 00387 a2200169 4500 | ||
|---|---|---|---|
| 001 | 69733 | ||
| 020 | _a8516035735 | ||
| 040 | _cAnchieta - Itaigara | ||
| 100 | _aMachado, Ana Maria | ||
| 240 | 1 | 0 |
_aEra uma vez um tirano _lpor |
| 245 | 1 | 0 | _aEra uma vez um tirano |
| 300 | _a22 [4p.] | ||
| 362 | 0 | _a2003 | |
| 440 | 1 | _aSalamandra | |
| 650 | 4 | _aLiteratura infanto-juvenil | |
| 942 | _cBK | ||
| 999 |
_c69733 _d69733 |
||